Výběr znalostí pro znalostní systémy.
Rozdiely medzi znalostnými a vedomostnými systémami (v deterministickosti). Možnosť vyhnutia sa pravdepodobnostnej hodnote tvrdenia preformulovaním pravidiel. Zdroje znalostí, technika ich získavania. Postup pri koncepčnom návrhu znalostného systému. Zhromaždenie znalostí a ich roztriedenie. Rôzne r...
Uložené v:
| Hlavný autor: | |
|---|---|
| Médium: | Kapitola |
| Jazyk: | Czech |
| Predmet: | |
| Tagy: |
Žiadne tagy, Buďte prvý, kto otaguje tento záznam!
|
MARC
| LEADER | 00000naa a2200000 4500 | ||
|---|---|---|---|
| 001 | r002152 | ||
| 005 | 20220819181219.2 | ||
| 041 | 0 | |a cze | |
| 044 | |a [CS] | ||
| 245 | 1 | 0 | |a Výběr znalostí pro znalostní systémy. |c F. Červenka |
| 520 | |a Rozdiely medzi znalostnými a vedomostnými systémami (v deterministickosti). Možnosť vyhnutia sa pravdepodobnostnej hodnote tvrdenia preformulovaním pravidiel. Zdroje znalostí, technika ich získavania. Postup pri koncepčnom návrhu znalostného systému. Zhromaždenie znalostí a ich roztriedenie. Rôzne reprezentácie znalostí. Graf vzťahov, tabuľka atribútov a stavový diagram. | ||
| 610 | 2 | 0 | |a systémy expertné |
| 610 | 2 | 0 | |a informácie |
| 610 | 2 | 0 | |a pravdepodobnosť |
| 610 | 2 | 0 | |a zber dát |
| 610 | 2 | 0 | |a spracovanie dát automatické |
| 100 | 1 | |a Červenka, F. | |